| 000 | nam a22 a 4500 | ||
|---|---|---|---|
| 999 |
_c131481 _d131481 |
||
| 003 | BLK | ||
| 005 | 20210319094546.0 | ||
| 008 | 180409b bul|||||r ||||||| ||bul|| | ||
| 010 | _aKNG00137301000 | ||
| 040 | _aBLK | ||
| 041 |
_aRUS _cRUS |
||
| 080 |
_aИндивидуална психология. Психология на личността. Индивидуалност. Психология на характера. Характерология. Психологическа типология _b159.923 _z159.923 |
||
| 100 | 1 |
_aЛеббок, Джон _eпърви автор _987925 |
|
| 139 |
_aЛеббок, Джон _bЛ 33 |
||
| 245 | 1 | 0 |
_aСамовоспитание и умение жить _cДжон Леббок; прев. от англ. Э. А. Серебрякова. |
| 257 | _aGBR | ||
| 260 |
_aС.-Петербург _bВестн. знания _c[1914] _fЕкатеринг. : Екатерингофское печ. дело |
||
| 300 |
_a104 с. _c24 см |
||
| 380 | _a1 | ||
| 650 | 4 |
_aЛичност - духовно усъвършенстване _9256548 |
|
| 650 | 4 |
_aЛичност - философски и социологични проблеми _9260613 |
|
| 653 | _aсамовъзпитание | ||
| 653 | _aличностни фактори | ||
| 653 | _aдуховно усъвършенстване | ||
| 700 | 1 |
_aСеребрякова, Э. А. _eпрев. от англ. _9322746 |
|
| 852 | _aЦб 1.240.15699 | ||
| 856 | 4 | _qpdf | |
| 856 | 4 | _qpdf | |
| 942 |
_cKNG _n0 _s1 |
||
| 944 |
_aCR _c13.12.2012 _lф / 13.12.2012 _kНаталия_Медовщикова |
||
| 944 |
_aED _c2021-03-19 _kКети |
||